Normal view
MARC view
- Madhra, Mayank,
Entry Personal Name
001 - CONTROL NUMBER
- control field: 6699
003 - CONTROL NUMBER IDENTIFIER
- control field: URS
005 - DATE AND TIME OF LATEST TRANSACTION
- control field: 20260314123400.0
008 - FIXED-LENGTH DATA ELEMENTS
- fixed length control field: 260314|| aca||aabn | a|a d
040 ## - CATALOGING SOURCE
- Original cataloging agency: URS
100 ## - HEADING--PERSONAL NAME
- Personal name: Madhra, Mayank,
- Relator term: editor.